| 000 | 02942nam0a2200397 4500 | ||
|---|---|---|---|
| 001 | RU\NLR\BIBL_A\022724843 | ||
| 005 | 20260426080603.0 | ||
| 010 |
_a978-5-9571-3901-0 _9100 |
||
| 021 |
_aRU _bКН-П-25-078140 _9КН-П-25-7576 |
||
| 035 | _a(NLR Aleph) 022724843 | ||
| 090 |
_a13696579 _c13696579 |
||
| 100 | _a20260211d2025 k y0rusy50 ca | ||
| 101 | 0 |
_arus _deng |
|
| 102 | _aRU | ||
| 105 | _aa z 110zy | ||
| 181 | 0 |
_ai3 _baxxe |
|
| 182 | 0 | _an | |
| 200 | 1 |
_aЕвангелие в контексте современной культуры: "80-летие Великой победы: память и духовный опыт поколений" _eсборник научных статей XIV международной научно-практической конференции, г. Белгород, 16 мая 2025 г. _fМинистерство науки и высшего образования Российской Федерации, Федеральное государственное автономное образовательное учреждение высшего образования "Белгородский государственный национальный исследовательский университет" [и др.] _gредакционная коллегия: Н. Н. Черепанина (ответственный редактор) [и др.] |
|
| 203 |
_aТекст _bвизуальный _cнепосредственный |
||
| 210 |
_aБелгород _cИздательский дом "БелГУ" НИУ "БелГУ" _d2025 |
||
| 215 |
_a396 с. _cил. _d20 |
||
| 300 | _aРез. на англ. яз. | ||
| 320 | _aБиблиогр. в конце ст. | ||
| 500 | 1 | 0 |
_aБиблия _iН.З. _iЕвангелие _92631082 _3RU\NLR\AUTH\553145 |
| 605 |
_aБиблия _jСъезды, совещания и т.п _xи культура _92085279 _3RU\NLR\AUTH\661261394 |
||
| 606 | 1 |
_aДуховно-нравственное воспитание _jСъезды, совещания и т.п _92480714 _3RU\NLR\AUTH\661472659 |
|
| 686 | 1 | _aЧ313я431 | |
| 686 | 1 | _aЭ37-202.03я431 | |
| 702 | 1 |
_aЧерепанина _bН. Н. _gНадежда Николаевна _4340 |
|
| 711 | 1 | 2 |
_a"Евангелие в контексте современной культуры: "80-летие Великой победы: память и духовный опыт поколений", международная научно-практическая конференция _d14 _eБелгород _f2025 _92697923 _3RU\NLR\AUTH\880639019 |
| 712 | 0 | 2 |
_4475 _aБелгородский государственный национальный исследовательский университет _9283545 _3RU\NLR\AUTH\8810197260 |
| 942 | _cBOOK | ||
| 980 | _aNB | ||